TIETZ Fundamentals of clinical chemistry (Record no. 162)

MARC details
000 -LEADER
fixed length control field 00601nam a22002057a 4500
003 - CONTROL NUMBER IDENTIFIER
control field OSt
005 - DATE AND TIME OF LATEST TRANSACTION
control field 20260226020003.0
008 - FIXED-LENGTH DATA ELEMENTS--GENERAL INFORMATION
fixed length control field 140709b xxu||||| |||| 00| 0 eng d
020 ## - INTERNATIONAL STANDARD BOOK NUMBER
International Standard Book Number 9788131213742
040 ## - CATALOGING SOURCE
Transcribing agency DNLM
082 ## - DEWEY DECIMAL CLASSIFICATION NUMBER
Classification number QY4 T446r 2008
Item number T
245 ## - TITLE STATEMENT
Title TIETZ Fundamentals of clinical chemistry
250 ## - EDITION STATEMENT
Edition statement 6th ed.
260 ## - PUBLICATION, DISTRIBUTION, ETC. (IMPRINT)
Place of publication, distribution, etc. Philadelphia:
Name of publisher, distributor, etc. Saunders,
Date of publication, distribution, etc. 2008
300 ## - PHYSICAL DESCRIPTION
Extent xx,952p;
Other physical details ill
Dimensions 28cm
504 ## - BIBLIOGRAPHY, ETC. NOTE
Bibliography, etc Appendix, glossary, index included.
650 ## - SUBJECT ADDED ENTRY--TOPICAL TERM
Topical term or geographic name as entry element Clinical chemistry
9 (RLIN) 428
700 ## - ADDED ENTRY--PERSONAL NAME
Personal name Edited by Burtis Carl A., Aswhood Edward R., Bruns David E.
9 (RLIN) 429
942 ## - ADDED ENTRY ELEMENTS (KOHA)
Source of classification or shelving scheme Other/Generic Classification Scheme
Koha item type Open Shelf
Koha issues (borrowed), all copies 3
Holdings
Withdrawn status Lost status Source of classification or shelving scheme Damaged status Not for loan Home library Current library Date acquired Source of acquisition Inventory number Total Checkouts Full call number Barcode Checked out Date last seen Date last checked out Koha item type Public note Total Renewals Price effective from
    Other/Generic Classification Scheme     MUST Main Library MUST Main Library 09/07/2014   11/34343 2 QY4 T446r 2008 T 2014-0502 27/04/2021 13/04/2021 13/04/2021 Open Shelf      
    Other/Generic Classification Scheme     MUST Main Library MUST Main Library 09/07/2014   12/36396   QY4 T446r 2008 T 2014-0503   09/07/2014   Open Shelf      
    Other/Generic Classification Scheme     MUST Main Library MUST Main Library 09/07/2014   12/36397 1 QY4 T446r 2008 T 2014-0504   29/05/2024 29/08/2019 Open Shelf      
    Other/Generic Classification Scheme     MUST Main Library MUST Main Library 09/07/2014 Purchase 12/36398 4 QY4 T446r 2008 T 2014-0505   05/03/2026 25/02/2026 Open Shelf      
    Other/Generic Classification Scheme     MUST Main Library MUST Main Library 09/07/2014   12/36399   QY4 T446r 2008 T 2014-0506   09/07/2014   Open Shelf      
    Other/Generic Classification Scheme     MUST Main Library MUST Main Library 09/07/2014   12/36400   QY4 T446r 2008 T 2014-0507   09/07/2014   Open Shelf      
    Other/Generic Classification Scheme     MUST Main Library MUST Main Library 10/07/2014   08/29538   QY4 T446r 2008 T 2014-0554   10/07/2014   Open Shelf      
    Other/Generic Classification Scheme     MUST Main Library MUST Main Library 10/07/2014   08/30324 1 QY4 T446r 2008 2014-0555   26/04/2022 09/02/2022 Open Shelf LIB. USE ONLY    
    Other/Generic Classification Scheme     MUST Main Library MUST Main Library 10/07/2014   08/30325   QY4 T446r 2008 T 2014-0556   10/07/2014   Open Shelf      
    Other/Generic Classification Scheme     MUST Main Library MUST Main Library 10/07/2014   08/30326   QY4 T446r 2008 T 2014-0557   10/07/2014   Open Shelf      
    Other/Generic Classification Scheme     MUST Main Library MUST Main Library 20/03/2015   15/38842 2 QY4 T446r 2008 T 2015-0538   07/12/2024 11/09/2024 Open Shelf   1  
    Other/Generic Classification Scheme     MUST Main Library MUST Main Library 27/06/2016   2010/32239   QY4 T446r 2008 T 2016-2766   27/06/2016   Open Shelf     27/06/2016